<?xml version="1.0" encoding="UTF-8"?><?xml-stylesheet type="text/xsl" href="static/style.xsl"?><OAI-PMH xmlns="http://www.openarchives.org/OAI/2.0/" xmlns:xsi="http://www.w3.org/2001/XMLSchema-instance" xsi:schemaLocation="http://www.openarchives.org/OAI/2.0/ http://www.openarchives.org/OAI/2.0/OAI-PMH.xsd"><responseDate>2026-06-02T07:21:26Z</responseDate><request verb="GetRecord" identifier="oai:riubu.ubu.es:10259/7233" metadataPrefix="marc">https://riubu.ubu.es/oai/request</request><GetRecord><record><header><identifier>oai:riubu.ubu.es:10259/7233</identifier><datestamp>2023-02-16T12:37:58Z</datestamp><setSpec>com_10259_3847</setSpec><setSpec>com_10259_5086</setSpec><setSpec>com_10259_2604</setSpec><setSpec>col_10259_3848</setSpec></header><metadata><record xmlns="http://www.loc.gov/MARC21/slim" xmlns:doc="http://www.lyncode.com/xoai" xmlns:xsi="http://www.w3.org/2001/XMLSchema-instance" xmlns:dcterms="http://purl.org/dc/terms/" xsi:schemaLocation="http://www.loc.gov/MARC21/slim http://www.loc.gov/standards/marcxml/schema/MARC21slim.xsd">
<leader>00925njm 22002777a 4500</leader>
<datafield tag="042" ind1=" " ind2=" ">
<subfield code="a">dc</subfield>
</datafield>
<datafield tag="720" ind1=" " ind2=" ">
<subfield code="a">González Enrique, Francisco Javier</subfield>
<subfield code="e">author</subfield>
</datafield>
<datafield tag="720" ind1=" " ind2=" ">
<subfield code="a">Ruiz Aguilar, Juan Jesús</subfield>
<subfield code="e">author</subfield>
</datafield>
<datafield tag="720" ind1=" " ind2=" ">
<subfield code="a">Moscoso López, José Antonio</subfield>
<subfield code="e">author</subfield>
</datafield>
<datafield tag="720" ind1=" " ind2=" ">
<subfield code="a">Urda Muñoz, Daniel</subfield>
<subfield code="e">author</subfield>
</datafield>
<datafield tag="720" ind1=" " ind2=" ">
<subfield code="a">Deka, Lipika</subfield>
<subfield code="e">author</subfield>
</datafield>
<datafield tag="720" ind1=" " ind2=" ">
<subfield code="a">Turias Domínguez, Ignacio J.</subfield>
<subfield code="e">author</subfield>
</datafield>
<datafield tag="260" ind1=" " ind2=" ">
<subfield code="c">2021-03</subfield>
</datafield>
<datafield tag="520" ind1=" " ind2=" ">
<subfield code="a">This study aims to produce accurate predictions of the NO2 concentrations at a specific&#xd;
station of a monitoring network located in the Bay of Algeciras (Spain). Artificial neural networks&#xd;
(ANNs) and sequence-to-sequence long short-term memory networks (LSTMs) were used to create&#xd;
the forecasting models. Additionally, a new prediction method was proposed combining LSTMs&#xd;
using a rolling window scheme with a cross-validation procedure for time series (LSTM-CVT). Two&#xd;
different strategies were followed regarding the input variables: using NO2&#xd;
from the station or&#xd;
employing NO2 and other pollutants data from any station of the network plus meteorological&#xd;
variables. The ANN and LSTM-CVT exogenous models used lagged datasets of different window&#xd;
sizes. Several feature ranking methods were used to select the top lagged variables and include them&#xd;
in the final exogenous datasets. Prediction horizons of t + 1, t + 4 and t + 8 were employed. The&#xd;
exogenous variables inclusion enhanced the model’s performance, especially for t + 4 (ρ ≈ 0.68 to&#xd;
ρ ≈ 0.74) and t + 8 (ρ ≈ 0.59 to ρ ≈ 0.66). The proposed LSTM-CVT method delivered promising&#xd;
results as the best performing models per prediction horizon employed this new methodology.&#xd;
Additionally, per each parameter combination, it obtained lower error values than ANNs in 85% of&#xd;
the cases.</subfield>
</datafield>
<datafield tag="024" ind2=" " ind1="8">
<subfield code="a">http://hdl.handle.net/10259/7233</subfield>
</datafield>
<datafield tag="024" ind2=" " ind1="8">
<subfield code="a">10.3390/s21051770</subfield>
</datafield>
<datafield tag="024" ind2=" " ind1="8">
<subfield code="a">1424-8220</subfield>
</datafield>
<datafield ind1=" " ind2=" " tag="653">
<subfield code="a">Forecasting</subfield>
</datafield>
<datafield ind1=" " ind2=" " tag="653">
<subfield code="a">Feature selection</subfield>
</datafield>
<datafield ind1=" " ind2=" " tag="653">
<subfield code="a">Air pollution</subfield>
</datafield>
<datafield ind1=" " ind2=" " tag="653">
<subfield code="a">Nitrogen dioxide</subfield>
</datafield>
<datafield ind1=" " ind2=" " tag="653">
<subfield code="a">Artificial neural networks</subfield>
</datafield>
<datafield ind1=" " ind2=" " tag="653">
<subfield code="a">LSTMs</subfield>
</datafield>
<datafield ind1=" " ind2=" " tag="653">
<subfield code="a">Exogenous variables</subfield>
</datafield>
<datafield ind1=" " ind2=" " tag="653">
<subfield code="a">Deep learning</subfield>
</datafield>
<datafield ind1=" " ind2=" " tag="653">
<subfield code="a">Time series</subfield>
</datafield>
<datafield tag="245" ind1="0" ind2="0">
<subfield code="a">Artificial Neural Networks, Sequence-to-Sequence LSTMs, and Exogenous Variables as Analytical Tools for NO2 (Air Pollution) Forecasting: A Case Study in the Bay of Algeciras (Spain)</subfield>
</datafield>
</record></metadata></record></GetRecord></OAI-PMH>